| 000 | 00713nam a22002057a 4500 | ||
|---|---|---|---|
| 999 |
_c17069 _d17069 |
||
| 003 | AR-CdUCM | ||
| 008 | 190507b ||||| |||| 00| 0 spa d | ||
| 040 |
_aMUNICIPALIDAD PROVINCIAL DEL CUSCO _cBIBLIOTECA MUNICIPAL DEL CUSCO |
||
| 082 |
_a301.155 / _bA76 |
||
| 100 |
_aAron, Raymond _912948 |
||
| 245 | _aLa lucha de clases / | ||
| 260 |
_aBarcelona : _bSeix Barral, _c1966. |
||
| 300 |
_a292 pƔginas ; _c20 cm. |
||
| 505 | _aRepaso y perspectivas -- La concepción marxista de las clases -- Dos definiciones de clases -- Las clases en la sociedades capitalistas ... | ||
| 650 |
_aLucha de clases. _94818 |
||
| 650 |
_aSocialismo. _91037 |
||
| 650 |
_aMarxismo. _924 |
||
| 942 |
_2ddc _cLIBROS |
||
| 945 | _awfj | ||